Diccionario interdisciplinar de hermenéutica
Saved in:
| Andre forfattere: | , |
|---|---|
| Format: | Bog |
| Sprog: | spansk |
| Udgivet: |
Bilbao
Universidad de Deusto
2004
|
| Udgivelse: | 4a. ed |
| Fag: | |
| Tags: |
Tilføj Tag
Ingen Tags, Vær først til at tagge denne postø!
|
MARC
| LEADER | 00000nam a2200000 a 4500 | ||
|---|---|---|---|
| 001 | UCK4416 | ||
| 003 | CL-VaPUC | ||
| 005 | 20221128120459.0 | ||
| 008 | 050603e20040000SP |||||||||||||||||spa|d | ||
| 999 | |c 313293 |d 313291 | ||
| 020 | |a 8474859174 | ||
| 040 | |c Pontificia Universidad Católica de Valparaíso | ||
| 082 | 0 | 4 | |a 121.686 |b ORT |2 21 |
| 100 | |a Ortiz-Osés, Andrés |e director |9 518839 | ||
| 245 | 1 | 0 | |a Diccionario interdisciplinar de hermenéutica |
| 250 | |a 4a. ed | ||
| 260 | |a Bilbao |b Universidad de Deusto |c 2004 | ||
| 300 | |a 627 p | ||
| 583 | |a last modification |c 20050603 00:00:00 |k Rodrigo Vera | ||
| 650 | 0 | |a Hermenéutica |9 269473 | |
| 650 | 0 | |a Diccionarios |9 256200 | |
| 700 | |a Lanceros Méndez, Patxi |e director |9 878796 | ||
| 942 | |c BK |2 ddc | ||
| 945 | |d 20050603 00:00:00 |a jcarroza | ||
| 952 | |0 0 |1 0 |4 0 |6 121_686000000000000_ORT_2004 |7 0 |8 F |9 384549 |a BIBTEO |b BIBTEO |d 2019-11-22 |i 4135539 |o 121.686 ORT 2004 |p 4135539 |r 2025-01-17 |w 2019-11-22 |y BK_F |k ICR | ||